ARE WE STILL FRIENDS? - Tyler, The Creator (all lyrics) - Statistics

General Stats
  • This quiz has been taken 135 times
  • The average score is 193 of 265
Answer Stats
Answer % Correct
a
99%
Are
99%
are
99%
friend
99%
still
99%
we
99%
we,
99%
friends?
97%
friends?)
97%
(Friends,
97%
friends)
97%
friends,
97%
(Friends)
97%
I
92%
(I
92%
be
87%
go,
87%
go
87%
Can
86%
can)
86%
can
86%
can,
86%
(can
86%
you,
85%
you
85%
You
85%
Don't
84%
don't
84%
to
84%
say
81%
say,
81%
"Goodbye,
76%
goodbye
76%
goodbye,
76%
(La-
76%
la-
76%
la)
76%
kno-
75%
bad
72%
on
72%
can't
71%
Can't
71%
episode,
71%
Know
71%
know
71%
later"
71%
(later)
71%
end
70%
end)
70%
smell
70%
season
69%
got
65%
want
63%
the
62%
this
62%
(This
62%
I've
60%
your
60%
Your
60%
contact
57%
contact)
57%
nigga,
56%
skin
56%
skin),
56%
green
55%
(green
55%
Long
55%
long
55%
keep
54%
(keep
54%
Nah,
54%
nah
54%
ago,
53%
ago
53%
and
52%
get
52%
wanna
52%
it
46%
it,
46%
how
45%
power
45%
Dream
41%
dream
41%
hi
41%
hi)
41%
stop
41%
fall
40%
make
40%
in
39%
matrix,
39%
But
38%
Bouncing
37%
Just
37%
see
36%
things
36%
You're
36%
back
34%
is
34%
been
33%
rock,
33%
(Yeah)
33%
(yeah,
33%
off
32%
Shake
32%
Oh
31%
there
31%
too
31%
(If
30%
if
30%
so
30%
ah,
29%
ah)
29%
cannot
28%
caught
28%
each
28%
hand,
28%
through
28%
favorite
26%
other
26%
walls
25%
said,
24%
could
23%
drained,
20%
play
18%
(woo)
16%
hate
15%
way
9%
from
7%
whoa
6%
No matching quizzes found
Score Distribution
Percent of People with Each Score
Percentile by Number Answered
Your Score History
You have not taken this quiz